| 000 | 00766cab a2200229 4500 | ||
|---|---|---|---|
| 001 | ABS68204 | ||
| 008 | 040907n2004 000 0 eng u | ||
| 035 | _a(Sirsi) u127284 | ||
| 100 | _aEllison, W. | ||
| 245 | _aPerformance enhancement | ||
| 260 | _c2004 | ||
| 490 |
_aEstates Gazette _v(0435) 28 August 2004, 58-60(3) |
||
| 520 | _aConsiders how to motivate employees to improve competitiveness and performance. Asks how techniques used in the athletic and sporting world can be used to improve performance in the business community. | ||
| 590 | _aABS | ||
| 650 | _aBUSINESS PERFORMANCE | ||
| 650 | _aMOTIVATION | ||
| 650 | _aCOMPETITIVENESS | ||
| 650 | _aSATISFACTION | ||
| 650 | _aSKILLS | ||
| 690 | _aMANAGEMENT-BUSINESS MANAGEMENT | ||
| 942 | _n0 | ||
| 999 |
_c74530 _d74530 |
||